00296 2200121 4500001002100000005001500021008004100036035001900077082000900096100001500105245003900120650001500159INLIS00000000002505120241224131840241224||||||||| | ||| |||| ||  0010-12240250510 aNONE0 aFida Zalfa00aKeliliing Dunia dengan Becak Ajaib 0afiksi anak